Muntanya endins (Record no. 135295)

MARC details
000 -LEADER
campo de control de longitud fija 00600nam a2200205 i 4500
001 - NÚMERO DE CONTROL
campo de control 135295
003 - IDENTIFICADOR DE NÚMERO DE CONTROL
campo de control ES-MaACL
005 - FECHA Y HORA DE LA ÚLTIMA TRANSACCIÓN
campo de control 20230906194842.0
007 - CAMPO FIJO DE DESCRIPCIÓN FÍSICA--INFORMACIÓN GENERAL
campo de control de longitud fija t|
008 - DATOS DE LONGITUD FIJA--INFORMACIÓN GENERAL
campo de control de longitud fija 070716s1972 sp |||| | cat d
080 ## - NÚMERO DE LA CLASIFICACIÓN DECIMAL UNIVERSAL
Número de la Clasificación Decimal Universal 796.52
100 1# - ENTRADA PRINCIPAL--NOMBRE DE PERSONA
Nombre de persona Todo, Manuel.
9 (RLIN) 110410
245 10 - MENCIÓN DEL TÍTULO
Título Muntanya endins
Resto del título : confessions de d'un escalador /
Mención de responsabilidad, etc. Manuel Todo ; pròleg de Miquel Estradé.
260 ## - PUBLICACIÓN, DISTRIBUCIÓN, ETC.
Lugar de publicación, distribución, etc. Barcelona,
Fecha de publicación, distribución, etc. 1972 (
Fabricante Imp. Montserrat)
300 ## - DESCRIPCIÓN FÍSICA
Extensión 75 p. ;
Dimensiones 17 cm.
650 #4 - PUNTO DE ACCESO ADICIONAL DE MATERIA--TÉRMINO DE MATERIA
Término de materia o nombre geográfico como elemento de entrada Montañismo.
9 (RLIN) 139850
650 #4 - PUNTO DE ACCESO ADICIONAL DE MATERIA--TÉRMINO DE MATERIA
Término de materia o nombre geográfico como elemento de entrada Escalada.
9 (RLIN) 151312
700 1# - ENTRADA AGREGADA--NOMBRE PERSONAL
Nombre de persona Estradé, Miquel.
9 (RLIN) 48237
852 ## - LOCALIZACIÓN
Ubicación ES-MaACL
Número de control de estantería C-54481
Holdings
Estatus retirado Estado de pérdida Estado de daño No para préstamo Biblioteca de origen Biblioteca actual Ubicación en estantería Fecha de adquisición Fuente de adquisición Total de préstamos Signatura topográfica completa Código de barras Visto por última vez Precio de reemplazo Tipo de ítem Koha
        Biblioteca del Ateneo de Madrid Biblioteca del Ateneo de Madrid Depósito 2 17/01/2008     C-54481 1140818 23/02/2023 23/02/2023 Libro impreso